[Event "Dutch Open 2009"]
[Site "Dieren NED"]
[Date "2009.07.21"]
[Round "1.1"]
[White "Klein, David"]
[Black "Ernst, Sipke"]
[Result "1/2-1/2"]
[WhiteElo "2236"]
[BlackElo "2598"]
[PlyCount "74"]
[EventDate "2009.07.21"]
[EventType "swiss"]
[EventRounds "9"]
[EventCountry "NED"]
[Source "lmi"]
[SourceDate "2009.07.21"]

1. e4 e5 2. Nf3 Nc6 3. Bb5 a6 4. Ba4 Nf6 5. d3 d6 6. c3 Bd7 7. O-O g6 8. Re1
Bg7 9. Nbd2 O-O 10. Nf1 Nh5 11. h3 Qe8 12. Bb3 Kh8 13. d4 f6 14. Ne3 Ne7 15.
Nd5 Nxd5 16. Bxd5 Rb8 17. Be3 Nf4 18. Bxf4 exf4 19. Qd2 c6 20. Bb3 g5 21. e5
dxe5 22. dxe5 fxe5 23. Qd6 Rf6 24. Qxe5 Qxe5 25. Nxe5 Be8 26. Rad1 Rf5 27. Nc4
Bh5 28. Rd2 Rd5 29. Rxd5 cxd5 30. Nd6 d4 31. cxd4 Bxd4 32. Bf7 Bxf7 33. Nxf7+
Kg8 34. Nxg5 Bxb2 35. Re2 Bg7 36. Ne6 Bh6 37. Nc5 Bf8 1/2-1/2

[Event "Dutch Open 2009"]
[Site "Dieren NED"]
[Date "2009.07.21"]
[Round "1.2"]
[White "L'Ami, Erwin"]
[Black "Van Veen, Oscar"]
[Result "1-0"]
[WhiteElo "2593"]
[BlackElo "2233"]
[PlyCount "91"]
[EventDate "2009.07.21"]
[EventType "swiss"]
[EventRounds "9"]
[EventCountry "NED"]
[Source "lmi"]
[SourceDate "2009.07.21"]

1. d4 Nf6 2. c4 e6 3. Nf3 d5 4. Nc3 dxc4 5. e4 Bb4 6. Bg5 c5 7. Bxc4 cxd4 8.
Nxd4 Qa5 9. Bd2 Qc5 10. Bb5+ Nbd7 11. Nb3 Qe5 12. f4 Qc7 13. e5 Bxc3 14. Bxc3
Nd5 15. Bd2 O-O 16. Rc1 Qd8 17. Qe2 N7b6 18. O-O Bd7 19. Bd3 Na4 20. Qe4 g6 21.
Rc2 Qb6+ 22. Qd4 Rfd8 23. Qxb6 axb6 24. a3 Bc6 25. Be2 Ne7 26. Be3 Nf5 27. Bf2
h5 28. Rd1 Rxd1+ 29. Bxd1 Rd8 30. Be2 Kf8 31. g3 Ke8 32. Nd2 Nd4 33. Bxd4 Rxd4
34. Kf2 Rd8 35. Ke3 h4 36. gxh4 b5 37. Ne4 Nb6 38. Nf6+ Ke7 39. h5 gxh5 40. h4
Nd7 41. Nxd7 Kxd7 42. Rd2+ Bd5 43. Bxh5 Rh8 44. Bf3 Rxh4 45. Bxd5 exd5 46.
Rxd5+ 1-0

[Event "Dutch Open 2009"]
[Site "Dieren NED"]
[Date "2009.07.21"]
[Round "1.3"]
[White "Sprangers, Remco"]
[Black "Timman, Jan H"]
[Result "1/2-1/2"]
[WhiteElo "2222"]
[BlackElo "2569"]
[PlyCount "33"]
[EventDate "2009.07.21"]
[EventType "swiss"]
[EventRounds "9"]
[EventCountry "NED"]
[Source "lmi"]
[SourceDate "2009.07.21"]

1. e4 c6 2. d4 d5 3. Nc3 g6 4. h3 Bg7 5. Nf3 Nh6 6. Bf4 O-O 7. Qd2 dxe4 8. Nxe4
Nf5 9. O-O-O Qd5 10. Nc3 Qa5 11. Bc4 Nd7 12. Rhe1 Nb6 13. Bb3 Rd8 14. Be5 Bh6
15. Bf4 Bg7 16. Be5 Bh6 17. Bf4 1/2-1/2

[Event "Dutch Open 2009"]
[Site "Dieren NED"]
[Date "2009.07.21"]
[Round "1.4"]
[White "Vovk, Yuri"]
[Black "Laarhoven, Thijs"]
[Result "1-0"]
[WhiteElo "2567"]
[BlackElo "2222"]
[PlyCount "69"]
[EventDate "2009.07.21"]
[EventType "swiss"]
[EventRounds "9"]
[EventCountry "NED"]
[Source "lmi"]
[SourceDate "2009.07.21"]

1. e4 e5 2. Nf3 Nc6 3. Bb5 Nf6 4. d3 Bc5 5. O-O d6 6. Be3 Bb6 7. a4 O-O 8. Bxc6
bxc6 9. a5 Bxe3 10. fxe3 Qe7 11. Qe1 c5 12. Nc3 c6 13. b3 Be6 14. h3 Nd7 15. d4
cxd4 16. exd4 Rfe8 17. Rd1 exd4 18. Nxd4 Ne5 19. Nce2 Rad8 20. Nf4 Bc8 21. Qg3
Kh8 22. c4 Rg8 23. Rd2 Qc7 24. Qc3 Rge8 25. Rfd1 Ng6 26. Nh5 f6 27. Ng3 Re5 28.
Ndf5 Bxf5 29. Nxf5 Qxa5 30. Qxa5 Rxa5 31. Rxd6 Rg8 32. Rxc6 Re5 33. Rc7 h5 34.
Rdd7 Nf4 35. Nh6 1-0

[Event "Dutch Open 2009"]
[Site "Dieren NED"]
[Date "2009.07.21"]
[Round "1.5"]
[White "Van Helvoort, Rob"]
[Black "Reinderman, Dimitri"]
[Result "1/2-1/2"]
[WhiteElo "2213"]
[BlackElo "2565"]
[PlyCount "61"]
[EventDate "2009.07.21"]
[EventType "swiss"]
[EventRounds "9"]
[EventCountry "NED"]
[Source "lmi"]
[SourceDate "2009.07.21"]

1. e4 c5 2. c3 Nf6 3. e5 Nd5 4. d4 cxd4 5. Bc4 Qc7 6. Qe2 Nb6 7. Bb3 d3 8. Qe4
Qc6 9. Qf4 Qxg2 10. Bxf7+ Kd8 11. Qf3 Qxf3 12. Nxf3 e6 13. h4 Nc6 14. Nbd2 Be7
15. Rg1 g6 16. h5 gxh5 17. Bxh5 Rf8 18. Rg7 a5 19. Ne4 Nc4 20. b3 Rf5 21. bxc4
Rxh5 22. Ng3 Nxe5 23. Nxh5 Nxf3+ 24. Kd1 d6 25. Nf4 Ne5 26. Be3 Ra6 27. Rg8+
Kc7 28. Rg7 Kd8 29. Rg8+ Kc7 30. Rg7 Kd8 31. Rg8+ 1/2-1/2

[Event "Dutch Open 2009"]
[Site "Dieren NED"]
[Date "2009.07.21"]
[Round "1.7"]
[White "Wilgenhof, Otto"]
[Black "Nijboer, Friso"]
[Result "0-1"]
[WhiteElo "2207"]
[BlackElo "2552"]
[PlyCount "114"]
[EventDate "2009.07.21"]
[EventType "swiss"]
[EventRounds "9"]
[EventCountry "NED"]
[Source "lmi"]
[SourceDate "2009.07.21"]

1. d4 Nf6 2. Nf3 g6 3. c4 Bg7 4. Nc3 O-O 5. e4 d6 6. Be2 e5 7. O-O Nc6 8. d5
Ne7 9. Ne1 Nd7 10. Be3 f5 11. f3 f4 12. Bf2 g5 13. a4 a5 14. Nd3 b6 15. b4 axb4
16. Nxb4 Nf6 17. a5 bxa5 18. Nc6 Nxc6 19. dxc6 Qe8 20. c5 dxc5 21. Bxc5 Rf7 22.
Qb3 Qxc6 23. Qb5 Qxb5 24. Bxb5 Bf8 25. Na4 Ba6 26. Rfb1 Bxb5 27. Rxb5 Bd6 28.
Bxd6 cxd6 29. Rd1 Ne8 30. Rdd5 Rfa7 31. Rb2 Rc8 32. Kf2 Kf7 33. Ke2 Rc4 34. Ra2
Nc7 35. Rxd6 Nb5 36. Rd3 Nd4+ 37. Kd2 Rac7 38. Rc3 h5 39. h3 g4 40. hxg4 hxg4
41. Rxc4 Rxc4 42. Kd3 Rb4 43. fxg4 Ne6 44. Nb2 Nc5+ 45. Kc3 Nxe4+ 46. Kc2 Nd6
47. Nd3 Rb5 48. Kc3 Kf6 49. Re2 Rd5 50. g5+ Kf5 51. g6 Nb5+ 52. Kc4 Rd4+ 53.
Kxb5 Rxd3 54. g7 Rg3 55. Kxa5 Rxg7 56. Kb6 e4 57. Kc5 e3 0-1

[Event "Dutch Open 2009"]
[Site "Dieren NED"]
[Date "2009.07.21"]
[Round "1.8"]
[White "Giri, Anish"]
[Black "De Groote, Ewoud"]
[Result "1-0"]
[WhiteElo "2518"]
[BlackElo "2206"]
[PlyCount "57"]
[EventDate "2009.07.21"]
[EventType "swiss"]
[EventRounds "9"]
[EventCountry "NED"]
[Source "lmi"]
[SourceDate "2009.07.21"]

1. e4 e5 2. Nf3 Nc6 3. Bb5 a6 4. Ba4 Nf6 5. O-O b5 6. Bb3 Bc5 7. a4 Rb8 8. c3
d6 9. d4 Bb6 10. Na3 exd4 11. axb5 axb5 12. Nxd4 Nxd4 13. cxd4 O-O 14. Re1 Re8
15. Bc2 c5 16. Nxb5 cxd4 17. Nxd4 Ng4 18. Rf1 d5 19. Bf4 Rb7 20. e5 g5 21. Bg3
h5 22. e6 Qf6 23. Nf5 Bxe6 24. Nd6 Rd8 25. Nxb7 h4 26. Qf3 hxg3 27. Qxf6 Nxf6
28. Nxd8 gxf2+ 29. Kh1 1-0

[Event "Dutch Open 2009"]
[Site "Dieren NED"]
[Date "2009.07.21"]
[Round "1.10"]
[White "Vovk, Andrey"]
[Black "Kiran, Manisha Mohanty"]
[Result "1-0"]
[WhiteElo "2506"]
[BlackElo "2203"]
[PlyCount "87"]
[EventDate "2009.07.21"]
[EventType "swiss"]
[EventRounds "9"]
[EventCountry "NED"]
[Source "lmi"]
[SourceDate "2009.07.21"]

1. e4 c5 2. Nf3 Nc6 3. d4 cxd4 4. Nxd4 Nf6 5. Nc3 d6 6. Bg5 e6 7. Qd2 Be7 8.
O-O-O Nxd4 9. Qxd4 O-O 10. f4 Qa5 11. Bc4 Bd7 12. e5 dxe5 13. Qxe5 Qb4 14. Rd4
Qb6 15. Rhd1 Bc6 16. f5 Nd7 17. Qg3 Bxg5+ 18. Qxg5 h6 19. Qg3 exf5 20. Rxd7
Bxd7 21. Rxd7 Rad8 22. Rxd8 Rxd8 23. b3 a6 24. Qe5 Qg1+ 25. Kb2 Qxg2 26. Bd5
Qg5 27. Bxb7 f4 28. Qxg5 hxg5 29. Bxa6 f5 30. a4 g4 31. a5 f3 32. Bb7 Kf7 33.
a6 Kf6 34. b4 Kg5 35. b5 Kh4 36. a7 Kh3 37. b6 f4 38. Ba6 g3 39. hxg3 fxg3 40.
b7 g2 41. b8=Q g1=Q 42. Bc8+ Kh4 43. a8=Q Qe3 44. Qh2+ 1-0

[Event "Dutch Open 2009"]
[Site "Dieren NED"]
[Date "2009.07.21"]
[Round "1.12"]
[White "Karthikeyan, P."]
[Black "Van Leent, Dimitri"]
[Result "1-0"]
[WhiteElo "2478"]
[BlackElo "2192"]
[PlyCount "67"]
[EventDate "2009.07.21"]
[EventType "swiss"]
[EventRounds "9"]
[EventCountry "NED"]
[Source "lmi"]
[SourceDate "2009.07.21"]

1. d4 d5 2. c4 Nc6 3. Nf3 Bg4 4. Nc3 e6 5. Bf4 Nf6 6. e3 Bd6 7. Bg5 Bb4 8. Rc1
h6 9. Bh4 g5 10. Bg3 Ne4 11. Be2 h5 12. h3 Bxc3+ 13. bxc3 Nxg3 14. fxg3 Bf5 15.
O-O Qd6 16. cxd5 exd5 17. Nxg5 Bg6 18. g4 hxg4 19. Bxg4 Ne7 20. e4 dxe4 21. Qb3
Qd5 22. Qxd5 Nxd5 23. Bf5 O-O 24. Bxe4 Bxe4 25. Nxe4 f5 26. Nc5 b6 27. Nd7 Rf7
28. Ne5 Rf6 29. c4 Ne3 30. Rf4 Re8 31. Rc3 Nd1 32. Rg3+ Kh7 33. Kh2 Ree6 34.
Rd3 1-0

[Event "Dutch Open 2009"]
[Site "Dieren NED"]
[Date "2009.07.21"]
[Round "1.13"]
[White "Vermeulen, Wesley"]
[Black "Lalith, Babu M.R"]
[Result "0-1"]
[WhiteElo "2164"]
[BlackElo "2472"]
[PlyCount "82"]
[EventDate "2009.07.21"]
[EventType "swiss"]
[EventRounds "9"]
[EventCountry "NED"]
[Source "lmi"]
[SourceDate "2009.07.21"]

1. e4 c6 2. d4 d5 3. Nc3 dxe4 4. Nxe4 Bf5 5. Ng3 Bg6 6. h4 h6 7. Nh3 e6 8. Nf4
Bh7 9. Bc4 Nf6 10. Qe2 Nd5 11. Nxd5 cxd5 12. Bd3 Bxd3 13. Qxd3 Nc6 14. c3 Qc7
15. f4 Bd6 16. Rf1 h5 17. Bd2 a6 18. Ne2 g6 19. g3 Ne7 20. Rc1 Rc8 21. Kf2 Nf5
22. Rc2 O-O 23. Rfc1 b5 24. a4 Qb6 25. a5 Qb7 26. b4 f6 27. Rg1 Qh7 28. Rcc1 g5
29. hxg5 fxg5 30. g4 Ng7 31. Qxh7+ Kxh7 32. gxh5 gxf4 33. Rg6 Rf5 34. Rcg1 Nxh5
35. Rxe6 Nf6 36. Kf1 Ne4 37. Bc1 Rh5 38. Rgg6 f3 39. Ng1 Rxc3 40. Bh6 Ng3+ 41.
Kf2 Rh2+ 0-1

[Event "Dutch Open 2009"]
[Site "Dieren NED"]
[Date "2009.07.21"]
[Round "1.14"]
[White "Visser, Yge"]
[Black "Theulings, Paul-Peter"]
[Result "1-0"]
[WhiteElo "2464"]
[BlackElo "2162"]
[PlyCount "69"]
[EventDate "2009.07.21"]
[EventType "swiss"]
[EventRounds "9"]
[EventCountry "NED"]
[Source "lmi"]
[SourceDate "2009.07.21"]

1. e4 Nf6 2. e5 Nd5 3. Nf3 d6 4. d4 Nc6 5. exd6 exd6 6. c4 Nf6 7. Nc3 Be7 8. h3
d5 9. Bf4 O-O 10. Be2 Be6 11. c5 Ne4 12. Rc1 Bf6 13. O-O a6 14. a3 Re8 15. b4
Bf5 16. Re1 Nxc3 17. Rxc3 Be4 18. Re3 Ne7 19. Ne5 Nf5 20. Rc3 Nh4 21. Bf1 c6
22. Rce3 Bxe5 23. Bxe5 Qd7 24. f3 Bg6 25. g4 Qd8 26. Qd2 f5 27. Qf2 fxg4 28.
hxg4 Bf7 29. f4 Ng6 30. Bd6 Qh4 31. f5 Qxf2+ 32. Kxf2 Nf8 33. Re7 a5 34. b5
cxb5 35. Bxb5 1-0

[Event "Dutch Open 2009"]
[Site "Dieren NED"]
[Date "2009.07.21"]
[Round "1.15"]
[White "Haast, Anne"]
[Black "Brandenburg, Daan"]
[Result "0-1"]
[WhiteElo "2158"]
[BlackElo "2463"]
[PlyCount "92"]
[EventDate "2009.07.21"]
[EventType "swiss"]
[EventRounds "9"]
[EventCountry "NED"]
[Source "lmi"]
[SourceDate "2009.07.21"]

1. e4 c5 2. Nf3 d6 3. d4 cxd4 4. Nxd4 Nf6 5. Nc3 Nc6 6. Bg5 e6 7. Qd2 a6 8.
O-O-O Bd7 9. f4 h6 10. Bh4 g5 11. fxg5 Ng4 12. Be2 Nge5 13. Nxc6 Bxc6 14. g3
Ng6 15. Rhf1 hxg5 16. Bxg5 Qxg5 17. Qxg5 Bh6 18. Qxh6 Rxh6 19. h4 Ke7 20. h5
Ne5 21. g4 Rg8 22. Rf4 Rh7 23. a4 Rhg7 24. Rg1 Rg5 25. b4 Rxh5 26. gxh5 Rxg1+
27. Kb2 Rh1 28. b5 axb5 29. axb5 Be8 30. Ka3 f6 31. Kb4 Bxh5 32. Bxh5 Rxh5 33.
Kb3 Rh3 34. Kb4 Nd7 35. Kb3 Kf7 36. Kb2 Nb6 37. Kb3 d5 38. Kb4 dxe4 39. Rxe4 f5
40. Re2 Ke7 41. Rg2 Rh4+ 42. Kb3 Nd7 43. Kb2 Nc5 44. Re2 Kf6 45. Rd2 Rb4+ 46.
Ka2 Rc4 0-1

[Event "Dutch Open 2009"]
[Site "Dieren NED"]
[Date "2009.07.21"]
[Round "1.16"]
[White "Bosch, Jeroen"]
[Black "Dijk, Rogier"]
[Result "1/2-1/2"]
[WhiteElo "2456"]
[BlackElo "2138"]
[PlyCount "123"]
[EventDate "2009.07.21"]
[EventType "swiss"]
[EventRounds "9"]
[EventCountry "NED"]
[Source "lmi"]
[SourceDate "2009.07.21"]

1. d4 d5 2. Nc3 Nf6 3. Bg5 c6 4. Bxf6 exf6 5. e3 f5 6. g3 Bd6 7. Bg2 Nd7 8.
Nge2 Nf6 9. Nf4 g6 10. O-O O-O 11. Nce2 Qe7 12. b3 Be6 13. Rc1 Rad8 14. Nd3 Bc8
15. Nef4 Bb8 16. c4 dxc4 17. Rxc4 Ne4 18. Rc1 h5 19. h4 Rfe8 20. Re1 Qf6 21. b4
a6 22. Qe2 Kg7 23. Bf3 Kf8 24. Kg2 Be6 25. Nxe6+ Qxe6 26. Qb2 Qf6 27. Rh1 Kg8
28. a4 Qd6 29. Nf4 Qf6 30. Ne2 Re7 31. Rc2 Rde8 32. Rb1 Qd6 33. b5 axb5 34.
axb5 c5 35. Bxe4 fxe4 36. Rxc5 Qe6 37. Ng1 Bd6 38. Rcc1 Ra8 39. Ra1 Ree8 40.
Rxa8 Rxa8 41. Qe2 Qb3 42. Qc4 Qb2 43. Rc2 Qb1 44. Ne2 Ra5 45. Rc1 Qb2 46. Qc2
Ra2 47. Qxb2 Rxb2 48. Nc3 f5 49. Ra1 Rb3 50. Ra8+ Kf7 51. Rc8 Ke6 52. Kf1 Rb2
53. Re8+ Kf7 54. Rd8 Ke7 55. Rh8 Rb3 56. Rc8 Ke6 57. Kg2 Kd7 58. Rc4 Ke6 59.
Rc8 Kf7 60. Rc4 Ke6 61. Rc8 Kf7 62. Rc4 1/2-1/2

[Event "Dutch Open 2009"]
[Site "Dieren NED"]
[Date "2009.07.21"]
[Round "1.17"]
[White "Kabanof, Nikolai"]
[Black "Hendriks, Willy"]
[Result "1/2-1/2"]
[WhiteElo "2137"]
[BlackElo "2444"]
[PlyCount "98"]
[EventDate "2009.07.21"]
[EventType "swiss"]
[EventRounds "9"]
[EventCountry "NED"]
[Source "lmi"]
[SourceDate "2009.07.21"]

1. c4 g6 2. Nc3 Bg7 3. g3 c5 4. Bg2 Nc6 5. Nf3 Nh6 6. d3 Nf5 7. O-O b6 8. Rb1
Bb7 9. a3 d6 10. Nd5 e6 11. Ne3 O-O 12. Nxf5 exf5 13. e4 fxe4 14. dxe4 Qe7 15.
Re1 Rfe8 16. b3 Rad8 17. Bb2 Bxb2 18. Rxb2 Ne5 19. Nh4 Bc8 20. f4 Nc6 21. Nf3
Bg4 22. Qd5 Qd7 23. b4 Bxf3 24. Bxf3 Nd4 25. Bg2 Re7 26. bxc5 dxc5 27. e5 Qc7
28. Qe4 f6 29. Qe3 Rde8 30. Bd5+ Kg7 31. e6 Rxe6 32. Bxe6 Rxe6 33. Qxe6 Nxe6
34. Rxe6 Qd7 35. Rbe2 Kf7 36. R6e3 g5 37. fxg5 fxg5 38. Re4 h5 39. Kg2 Kf6 40.
Rf2+ Kg6 41. Rfe2 Qc6 42. Kg1 Kf5 43. Re5+ Kf6 44. Rd5 Qa4 45. Rf2+ Kg6 46.
Rff5 Qxc4 47. Rxg5+ Kf6 48. Rgf5+ Ke6 49. Rfe5+ Kf6 1/2-1/2

[Event "Dutch Open 2009"]
[Site "Dieren NED"]
[Date "2009.07.21"]
[Round "1.18"]
[White "Bitalzadeh, Ali"]
[Black "Vogel, Heike"]
[Result "1-0"]
[WhiteElo "2434"]
[BlackElo "2133"]
[PlyCount "71"]
[EventDate "2009.07.21"]
[EventType "swiss"]
[EventRounds "9"]
[EventCountry "NED"]
[Source "lmi"]
[SourceDate "2009.07.21"]

1. d4 c5 2. d5 e6 3. c4 b5 4. e4 exd5 5. cxd5 Qb6 6. a4 b4 7. Nd2 Ba6 8. Nc4
Qg6 9. Qf3 Nf6 10. e5 Bxc4 11. Bxc4 Ng4 12. Bf4 h5 13. Ne2 Qc2 14. Bb3 Qh7 15.
h3 Nh6 16. e6 d6 17. Bxh6 gxh6 18. Qxh5 Rg8 19. Bc2 Qg7 20. a5 Qf6 21. Ng3 Rg5
22. Ne4 Re5 23. Qg4 h5 24. Qe2 Qe7 25. O-O fxe6 26. f4 Rxd5 27. Ng5 Nc6 28. Be4
Nd4 29. Qxh5+ Kd7 30. Rae1 Qf6 31. Nh7 Qg7 32. Bxd5 exd5 33. Qxd5 Rc8 34. Nxf8+
Qxf8 35. f5 Qf6 36. Re6 1-0

[Event "Dutch Open 2009"]
[Site "Dieren NED"]
[Date "2009.07.21"]
[Round "1.19"]
[White "Hachijan, Armen"]
[Black "Miedema, Roi"]
[Result "0-1"]
[WhiteElo "2132"]
[BlackElo "2432"]
[PlyCount "72"]
[EventDate "2009.07.21"]
[EventType "swiss"]
[EventRounds "9"]
[EventCountry "NED"]
[Source "lmi"]
[SourceDate "2009.07.21"]

1. e4 e6 2. d4 d5 3. Nc3 Bb4 4. e5 Ne7 5. a3 Bxc3+ 6. bxc3 c5 7. Qg4 O-O 8. Bd3
Nbc6 9. Nf3 f5 10. Qg3 Qa5 11. Bd2 b6 12. O-O Qa4 13. Qg5 c4 14. Be2 Qxc2 15.
Rfe1 Qa4 16. h4 Kh8 17. h5 h6 18. Qh4 Bd7 19. Kh1 Rf7 20. Rg1 Raf8 21. Bd1 Qa6
22. Qh3 b5 23. Nh4 b4 24. Ng6+ Kg8 25. Nxf8 Kxf8 26. cxb4 Nxd4 27. Be3 Ndc6 28.
Bc5 Nxe5 29. Be2 Ba4 30. Qe3 Nd7 31. Bd4 f4 32. Qc3 Nc6 33. f3 Nxd4 34. Qxd4
Qb6 35. Qd2 Qe3 36. Qxe3 fxe3 0-1

[Event "Dutch Open 2009"]
[Site "Dieren NED"]
[Date "2009.07.21"]
[Round "1.20"]
[White "Burg, Twan"]
[Black "Blees, Enrico"]
[Result "1-0"]
[WhiteElo "2422"]
[BlackElo "2130"]
[PlyCount "77"]
[EventDate "2009.07.21"]
[EventType "swiss"]
[EventRounds "9"]
[EventCountry "NED"]
[Source "lmi"]
[SourceDate "2009.07.21"]

1. d4 d5 2. c4 e6 3. Nc3 Be7 4. Nf3 c6 5. e4 Nf6 6. Bd3 dxe4 7. Nxe4 Nxe4 8.
Bxe4 Nd7 9. O-O Nf6 10. Bc2 c5 11. Ba4+ Bd7 12. Ne5 O-O 13. Bc2 Bc8 14. Be3 Qc7
15. Qf3 g6 16. Rad1 Nd7 17. Bf4 Nxe5 18. Bxe5 Bd6 19. Qf6 Bxe5 20. dxe5 Bd7 21.
Qe7 Rad8 22. Rd3 Rfe8 23. Qg5 Bc6 24. Rh3 Rd4 25. Re1 Qa5 26. Re2 Red8 27. f3
Rd2 28. Kf2 Rxe2+ 29. Kxe2 Qc7 30. f4 Qa5 31. f5 exf5 32. Qh6 Be8 33. Bxf5 Qa6
34. Qxh7+ Kf8 35. Qh6+ Ke7 36. Qg5+ f6 37. exf6+ Qxf6 38. Re3+ Kf7 39. Bxg6+
1-0

[Event "Dutch Open 2009"]
[Site "Dieren NED"]
[Date "2009.07.21"]
[Round "1.21"]
[White "Timmermans, Mark"]
[Black "Shyam, Sundar M"]
[Result "0-1"]
[WhiteElo "2125"]
[BlackElo "2415"]
[PlyCount "64"]
[EventDate "2009.07.21"]
[EventType "swiss"]
[EventRounds "9"]
[EventCountry "NED"]
[Source "lmi"]
[SourceDate "2009.07.21"]

1. e4 e5 2. Nf3 Nc6 3. d4 exd4 4. Bc4 Nf6 5. O-O Nxe4 6. Re1 d5 7. Bxd5 Qxd5 8.
Nc3 Qh5 9. Nxe4 Be6 10. Bg5 Bd6 11. Nxd6+ cxd6 12. Bf4 Qc5 13. Ng5 O-O 14. Ne4
Qf5 15. Bxd6 Rfe8 16. Ng3 Qd5 17. Ba3 a5 18. b3 a4 19. Bb2 a3 20. c4 Qd7 21.
Bc1 d3 22. Be3 Nb4 23. Ne4 Bf5 24. Nc5 Qc6 25. Na4 Nc2 26. Qd2 Nxa1 27. Rxa1 b5
28. cxb5 Qxb5 29. Rc1 Rac8 30. Nc5 h6 31. Rc4 Rxe3 32. Qxe3 d2 0-1

[Event "Dutch Open 2009"]
[Site "Dieren NED"]
[Date "2009.07.21"]
[Round "1.22"]
[White "Pruijssers, Roeland"]
[Black "Kabos, Tobias"]
[Result "1-0"]
[WhiteElo "2401"]
[BlackElo "2122"]
[PlyCount "47"]
[EventDate "2009.07.21"]
[EventType "swiss"]
[EventRounds "9"]
[EventCountry "NED"]
[Source "lmi"]
[SourceDate "2009.07.21"]

1. e4 c5 2. Nf3 d6 3. d4 cxd4 4. Nxd4 Nf6 5. Nc3 g6 6. Be3 Bg7 7. f3 a6 8. Qd2
Nbd7 9. O-O-O b5 10. Bh6 Bxh6 11. Qxh6 Bb7 12. Bd3 Rc8 13. Nce2 Ne5 14. Kb1 Qc7
15. g4 Qc5 16. h4 Kd8 17. h5 g5 18. Qxg5 Nxd3 19. Qg7 Nf2 20. Qxh8+ Ne8 21.
Qxh7 e5 22. Qxf7 exd4 23. Nxd4 Nc7 24. h6 1-0

[Event "Dutch Open 2009"]
[Site "Dieren NED"]
[Date "2009.07.21"]
[Round "1.23"]
[White "Mostertman, Milan"]
[Black "Wohl, Aleksandar H"]
[Result "0-1"]
[WhiteElo "2119"]
[BlackElo "2387"]
[PlyCount "90"]
[EventDate "2009.07.21"]
[EventType "swiss"]
[EventRounds "9"]
[EventCountry "NED"]
[Source "lmi"]
[SourceDate "2009.07.21"]

1. e4 Nf6 2. Nc3 d5 3. exd5 Nxd5 4. Nxd5 Qxd5 5. d4 Nc6 6. Nf3 Bg4 7. Be2 O-O-O
8. Be3 e5 9. O-O exd4 10. Nxd4 Bxe2 11. Nxe2 Qc4 12. b3 Rxd1 13. bxc4 Rxa1 14.
Rxa1 Nb4 15. c3 Nc2 16. Rf1 Be7 17. Bd4 f6 18. Ng3 c5 19. Nf5 Bf8 20. Be3 Na3
21. Bf4 Nxc4 22. Re1 Kd7 23. Rd1+ Ke6 24. g4 h5 25. Rd8 hxg4 26. Ne3 Nxe3 27.
Bxe3 b6 28. Bf4 g6 29. Bb8 a6 30. Bc7 Rh7 31. Bxb6 Bd6 32. Ra8 Bxh2+ 33. Kg2
Bd6 34. Rxa6 Kd5 35. Bd8 f5 36. c4+ Ke5 37. Bf6+ Kxf6 38. Rxd6+ Kg5 39. Rc6 Ra7
40. Rxc5 Rxa2 41. Rc6 f4 42. Kg1 Ra1+ 43. Kh2 g3+ 44. fxg3 f3 45. Rc5+ Kg4 0-1

[Event "Dutch Open 2009"]
[Site "Dieren NED"]
[Date "2009.07.21"]
[Round "1.24"]
[White "Tondivar, Babak"]
[Black "Ellenbroek, Ton"]
[Result "1/2-1/2"]
[WhiteElo "2372"]
[BlackElo "2115"]
[PlyCount "33"]
[EventDate "2009.07.21"]
[EventType "swiss"]
[EventRounds "9"]
[EventCountry "NED"]
[Source "lmi"]
[SourceDate "2009.07.21"]

1. d4 d6 2. Nf3 g6 3. g3 Bg7 4. Bg2 e5 5. c4 exd4 6. Nxd4 Ne7 7. Nc3 O-O 8. O-O
Nbc6 9. Nc2 Ne5 10. Ne3 Nf5 11. Nxf5 Bxf5 12. Bxb7 Rb8 13. Bg2 Nxc4 14. e4 Be6
15. Qc2 c6 16. Rb1 Qa5 17. Bd2 1/2-1/2

[Event "Dutch Open 2009"]
[Site "Dieren NED"]
[Date "2009.07.21"]
[Round "1.25"]
[White "Zimmermann, Luc"]
[Black "Van Delft, Merijn"]
[Result "0-1"]
[WhiteElo "2112"]
[BlackElo "2360"]
[PlyCount "74"]
[EventDate "2009.07.21"]
[EventType "swiss"]
[EventRounds "9"]
[EventCountry "NED"]
[Source "lmi"]
[SourceDate "2009.07.21"]

1. e4 c6 2. d4 d5 3. Nc3 dxe4 4. Nxe4 Bf5 5. Ng3 Bg6 6. h4 h6 7. Nf3 Nd7 8. h5
Bh7 9. Bd3 Bxd3 10. Qxd3 e6 11. Bf4 Qa5+ 12. Bd2 Bb4 13. c3 Be7 14. c4 Qc7 15.
O-O-O Ngf6 16. Rhe1 O-O 17. Nf5 exf5 18. Rxe7 Qd8 19. Re2 Ne4 20. Be3 Re8 21.
Kb1 a6 22. Bc1 b5 23. cxb5 axb5 24. Rc2 Qa5 25. Qb3 c5 26. dxc5 Ndxc5 27. Qa3
Qb6 28. Qe3 Qa6 29. a3 Na4 30. Qd4 b4 31. Qxb4 Reb8 32. Qd4 Qa5 33. Rd3 Nac5
34. Re3 Nb3 35. Qc4 Qb6 36. Qe2 Rxa3 37. bxa3 Nbd2+ 0-1

[Event "Dutch Open 2009"]
[Site "Dieren NED"]
[Date "2009.07.21"]
[Round "1.29"]
[White "Van Den Bergh, Peter"]
[Black "Kuipers, Stefan"]
[Result "0-1"]
[WhiteElo "2095"]
[BlackElo "2324"]
[PlyCount "110"]
[EventDate "2009.07.21"]
[EventType "swiss"]
[EventRounds "9"]
[EventCountry "NED"]
[Source "lmi"]
[SourceDate "2009.07.21"]

1. e4 c5 2. Nf3 Nc6 3. d4 cxd4 4. Nxd4 Nf6 5. Nc3 e5 6. Ndb5 d6 7. Bg5 a6 8.
Na3 b5 9. Bxf6 Qxf6 10. Nd5 Qd8 11. c3 g6 12. Nc2 Bg7 13. a4 bxa4 14. Rxa4 a5
15. Bc4 Rb8 16. b3 O-O 17. O-O Kh8 18. Nce3 f5 19. exf5 gxf5 20. Qh5 Bd7 21. f4
e4 22. Rfa1 Be6 23. R1a2 Qd7 24. Kf1 Qb7 25. Rd2 Bd7 26. Rda2 Bc8 27. g3 Qa7
28. b4 Bxc3 29. b5 Nb4 30. b6 Qg7 31. Nxc3 Qxc3 32. R2a3 Qc1+ 33. Kg2 d5 34.
Qh6 Bd7 35. Rxa5 dxc4 36. Qd6 Qb2+ 37. Kh3 Rbd8 38. Nxc4 Qb1 39. Qd4+ Kg8 40.
Ra7 Qf1+ 41. Kh4 Nc6 42. Qd5+ Kh8 43. Rxd7 Rxd7 44. Qxc6 Qd1 45. h3 Rg7 46. Ne5
Qd8+ 47. Kh5 Rfg8 48. h4 Qf8 49. Ra7 e3 50. Rxg7 Rxg7 51. b7 e2 52. Qc8 Rg8 53.
Qc3 Qf6 54. Qb4 Kg7 55. b8=Q Qh6# 0-1

[Event "Dutch Open 2009"]
[Site "Dieren NED"]
[Date "2009.07.22"]
[Round "2.1"]
[White "Pruijssers, Roeland"]
[Black "L'Ami, Erwin"]
[Result "0-1"]
[WhiteElo "2401"]
[BlackElo "2593"]
[PlyCount "150"]
[EventDate "2009.07.21"]
[EventType "swiss"]
[EventRounds "9"]
[EventCountry "NED"]
[Source "lmi"]
[SourceDate "2009.07.21"]

1. e4 e5 2. Nf3 Nc6 3. Bb5 Nf6 4. O-O Nxe4 5. d4 Nd6 6. Bxc6 dxc6 7. dxe5 Nf5
8. Qxd8+ Kxd8 9. Nc3 Ne7 10. h3 Ng6 11. Ne4 h6 12. b3 Bd7 13. Bb2 Nf4 14. Rfe1
Kc8 15. Rad1 Bb4 16. c3 Be7 17. Bc1 Ne6 18. Ng3 Rd8 19. Nf5 Bf8 20. N3d4 a5 21.
Nxe6 fxe6 22. Nh4 Be8 23. Rxd8+ Kxd8 24. Rd1+ Kc8 25. f4 Be7 26. Nf3 a4 27. Nd4
axb3 28. axb3 Bc5 29. b4 Bb6 30. Kh2 Bf7 31. Nb3 Bg6 32. Nd4 Bxd4 33. Rxd4 Ra2
34. Rd2 Ra1 35. Rd1 Bc2 36. Re1 Bd3 37. Rd1 Be2 38. Re1 Ra2 39. Kg1 h5 40. Be3
g6 41. Rc1 b6 42. Bf2 Kb7 43. Bh4 Bd3 44. Rd1 Be4 45. Bf2 Rc2 46. Re1 Bf5 47.
Re3 Ka6 48. Bh4 Rd2 49. Be1 Rc2 50. Bh4 c5 51. bxc5 bxc5 52. Kh2 Kb5 53. Kg3
Kc4 54. Be7 Bd3 55. Bxc5 Bf1 56. Be7 Rxg2+ 57. Kh4 Bd3 58. Bb4 Bf5 59. Rg3 Rh2
60. Kg5 Bxh3 61. Kxg6 Bf5+ 62. Kf6 h4 63. Rg7 c5 64. Rc7 Rg2 65. Rxc5+ Kd3 66.
Rc8 Rg6+ 67. Kf7 Rh6 68. Bc5 h3 69. Bg1 h2 70. Bxh2 Rxh2 71. c4 Ke4 72. c5 Kxf4
73. c6 Kxe5 74. c7 Rh7+ 75. Kg8 Kd6 0-1